000 00761nam a22002415i 4500
001 171667
003 ES-MaACL
005 20250921063037.0
008 090526s1978 sp |||| | spa d
020 _a84-7440-041-4
080 _a329(460)
080 _a342(460)
100 1 _aSolé Tura, Jordi,
_d1930-2009
_9107136
245 1 4 _aLos comunistas y la Constitución /
_cJordi Solé Tura.
260 _aMadrid :
_bForma,
_c1978.
300 _a117 p. ;
_c19 cm.
490 1 _aEurocomunismo: socialismo en libertad
610 1 4 _aPartido Comunista de España.
_96135
650 4 _aDerecho constitucional-
_zEspaña
_911682
830 1 _aEurocomunismo: socialismo en libertad
_9223195
852 4 _aES-MaACL
_jA-9164
999 _c171667
_d171667